| Tag |
First Indicator |
Second Indicator |
Subfields |
| LEADER |
00000cam a2200000 a 4500 |
| 001 |
in00001352913 |
| 005 |
20151006071039.0 |
| 007 |
hd afu---baca |
| 008 |
850323s1835 kyu a 000 0 eng d |
| 035 |
|
|
|a (OCoLC)11839679
|
| 035 |
|
|
|9 AHH2263AM
|
| 040 |
|
|
|a KBC
|c IBS
|d POF
|d OCL
|d UtOrBLW
|
| 049 |
|
|
|a TXAI
|
| 090 |
|
|
|a PS586
|b .A450 pt. 2, no. 2019
|
| 099 |
|
|
|a film
|a B
|a 3870
|a Segment II, no. 2019)
|
| 100 |
1 |
|
|a Scank, Philemon.
|
| 245 |
1 |
2 |
|a A few chapters to brother Jonathan :
|b concerning "Infallibility, etc." ; or, strictures on Nathan L. Rice's "Defence of Protestantism", etc. /
|c by Philman Scank.
|
| 264 |
|
1 |
|a Bardstown, Ky. :
|b [publisher not identified],
|c 1835.
|
| 300 |
|
|
|a 145, 34 pages ;
|c 20 cm.
|
| 336 |
|
|
|a text
|b txt
|2 rdacontent
|
| 337 |
|
|
|a microform
|b h
|2 rdamedia
|
| 338 |
|
|
|a microfilm reel
|b hd
|2 rdacarrier
|
| 500 |
|
|
|a The Ursuline covert, a poem, 34 pages at end.
|
| 510 |
4 |
|
|a Sabin
|c [77444] (another ed.)
|
| 533 |
|
|
|a Microfilm.
|b New Haven, Conn. :
|c Research Publications,
|d 1975.
|e 1 microfilm reel ; 35 mm.
|f (American Poetry, 1609-1900 ; Segment II, no. 2019)
|
| 539 |
|
|
|a s
|b 1975
|d ctu
|e n
|
| 500 |
|
|
|a Microform.
|
| 610 |
2 |
0 |
|a Catholic Church
|x Infallibility.
|
| 610 |
2 |
0 |
|a Catholic Church
|v Controversial literature
|x Catholic authors.
|
| 610 |
2 |
0 |
|a Catholic Church
|x Doctrines.
|
| 700 |
1 |
|
|a Rice, N. L.
|q (Nathan Lewis),
|d 1807-1877.
|t Infallibility, etc.
|
| 700 |
1 |
|
|a Rice, N. L.
|q (Nathan Lewis),
|d 1807-1877.
|t Defence of Protestantism.
|
| 740 |
0 |
|
|a Ursuline covert.
|
| 999 |
|
|
|a MARS
|
| 999 |
f |
f |
|s 352e69d6-2946-31e9-8296-8d77f04750af
|i 9da4af41-9941-3fb2-ad01-878e1278041b
|t 0
|
| 952 |
f |
f |
|p default
|a Texas A&M University
|b College Station
|c Sterling C. Evans Library
|d Evans: Microforms (3rd floor)
|t 0
|e film B 3870 Segment II, no. 2019
|h Other scheme
|i microform -- microfilm reel
|
| 998 |
f |
f |
|a film B 3870 Segment II, no. 2019
|t 0
|l Evans: Microforms (3rd floor)
|